[Event "Cheliabinsk Panchenko Memorial op-A"]
[Site "Cheliabinsk"]
[Date "2022.09.13"]
[Round "2"]
[White "Bublei, Pavel"]
[Black "Klachkou, Platon"]
[Result "1-0"]
[WhiteElo "2321"]
[BlackElo "2150"]
[PlyCount "65"]
[EventDate "2022.09.12"]
[EventType "swiss"]
[EventRounds "10"]
[EventCountry "RUS"]
[SourceTitle "CBM 210 Extra"]
[Source "ChessBase"]
[SourceDate "2022.11.30"]
[SourceVersion "1"]
[SourceVersionDate "2022.11.30"]
[SourceQuality "1"]

1. d4 Nf6 2. c4 g6 3. f3 Bg7 4. e4 d6 5. Nc3 0-0 6. Be3 Nc6 7. Nge2 a6 8. Qd2 Rb8 9. Rc1 Bd7 10. h4 h5 11. Nd1 b5 12. c5 Ne8 13. Nf2 e5 14. d5 Ne7 15. g4 f5 16. gxf5 gxf5 17. Bg5 Nf6 18. Rg1 Kh7 19. Bh3 fxe4 20. fxe4 Rg8 21. Rc3 dxc5 22. Rf3 Rb6 23. Ng3 Qc8 24. Bxd7 Qxd7 25. Qe2 Qe8 26. Nf5 Nxf5 27. Rxf5 Bh6 28. Qf3 Rg6 29. Kf1 Bg7 30. Be3 Qe7 31. Nd3 Rg4 32. Rxh5+ Kg8 33. Rg5 1-0

[Event "Cheliabinsk Panchenko Memorial op-A"]
[Site "Cheliabinsk"]
[Date "2021.09.16"]
[Round "4"]
[White "Ivanov, Matvei"]
[Black "Bublei, Pavel"]
[Result "1-0"]
[WhiteElo "1872"]
[BlackElo "2337"]
[PlyCount "93"]
[EventDate "2021.09.13"]
[EventType "swiss"]
[EventRounds "10"]
[EventCountry "RUS"]
[SourceTitle "CBM 204 Extra"]
[Source "ChessBase"]
[SourceDate "2021.11.30"]
[SourceVersion "1"]
[SourceVersionDate "2021.11.30"]
[SourceQuality "1"]

1. c4 Nf6 2. Nc3 b6 3. Nf3 Bb7 4. e3 e6 5. d4 d5 6. cxd5 exd5 7. Bb5+ Nbd7 8. Ne5 Bd6 9. e4 dxe4 10. Bg5 c6 11. Nxc6 Qc7 12. Bxf6 Nxf6 13. Na5+ Kf8 14. Nxb7 Qxb7 15. d5 Rd8 16. Bc6 Qe7 17. Qe2 Be5 18. Rd1 h5 19. 0-0 Rh6 20. f3 exf3 21. Rxf3 Ng4 22. h3 Qc5+ 23. Kh1 Bxc3 24. bxc3 Qd6 25. g3 Ne5 26. Re1 Nxc6 27. dxc6 Qc7 28. Qc4 Rxc6 29. Rxf7+ Qxf7 30. Qxc6 Qxa2 31. c4 Qf2 32. Qe6 Qf7 33. Qe2 Kg8 34. Rf1 Qg6 35. Rf3 Re8 36. Qf1 Qe4 37. Kg1 Qd4+ 38. Kh2 a5 39. h4 a4 40. Qg2 Qxc4 41. Rf4 Qb3 42. Qc6 Re2+ 43. Kh3 Qb1 44. Qc4+ Kh7 45. Qxe2 Qh1+ 46. Qh2 Qc6 47. Qg2 1-0

[Event "Chigorin Memorial 27th"]
[Site "St Petersburg"]
[Date "2019.10.08"]
[Round "4"]
[White "Kumargaliev, Marsel"]
[Black "Bublei, Pavel"]
[Result "0-1"]
[WhiteElo "2144"]
[BlackElo "2358"]
[PlyCount "96"]
[EventDate "2019.10.05"]
[EventType "swiss"]
[EventRounds "9"]
[EventCountry "RUS"]
[SourceTitle "EXT 2020"]
[Source "ChessBase"]
[SourceDate "2019.10.17"]
[SourceVersion "1"]
[SourceVersionDate "2019.10.17"]
[SourceQuality "1"]

1. Nf3 Nf6 2. d3 d5 3. Nbd2 Bf5 4. g3 h6 5. Bg2 e6 6. 0-0 Be7 7. c4 Nc6 8. Qa4 0-0 9. cxd5 exd5 10. Qf4 Qd7 11. e4 Be6 12. e5 Ng4 13. Nb3 f6 14. exf6 Rxf6 15. Qd2 Raf8 16. Qe2 Bd6 17. d4 Bf7 18. h3 Bh5 19. Nbd2 Nh2 20. Ne5 Bxe5 21. Qxh5 Rf5 22. Qd1 Nxf1 23. Nxf1 Bxd4 24. Bf4 g5 25. Be3 Bxe3 26. Nxe3 Rxf2 27. Nxd5 Qd6 28. Qb3 Nd4 29. Qc4 Ne2+ 30. Kh1 Nxg3+ 31. Kg1 Ne2+ 32. Kh1 Kh8 33. Ne3 Ng3+ 34. Kg1 Ne2+ 35. Kh1 Qf4 36. Qe6 Qf6 37. Qb3 Ng3+ 38. Kg1 Rxb2 39. Ng4 Qd4+ 40. Qe3 Qxe3+ 41. Nxe3 c6 42. h4 gxh4 43. Rd1 Nf5 44. Nc4 Rc2 45. Bf1 Rg8+ 46. Kh1 Ng3+ 47. Kg1 Ne4+ 48. Kh1 Nf2+ 0-1

[Event "Eurasia Cup op"]
[Site "Ekaterinburg"]
[Date "2019.08.08"]
[Round "8"]
[White "Sivuk, Vitaly"]
[Black "Bublei, Pavel"]
[Result "1-0"]
[WhiteElo "2570"]
[BlackElo "2353"]
[PlyCount "51"]
[EventDate "2019.07.31"]
[EventType "swiss"]
[EventRounds "9"]
[EventCountry "RUS"]
[SourceTitle "CBM 191 Extra"]
[Source "ChessBase"]
[SourceDate "2019.09.30"]
[SourceVersion "1"]
[SourceVersionDate "2019.09.30"]
[SourceQuality "1"]

1. d4 Nf6 2. c4 e6 3. g3 d5 4. Nf3 dxc4 5. Bg2 c5 6. 0-0 Nc6 7. Qa4 Bd7 8. Qxc4 b5 9. Qc3 Rc8 10. dxc5 Nd5 11. Qc2 Ncb4 12. Qd1 Bxc5 13. e4 Ne7 14. a3 Nbc6 15. b4 Bb6 16. Nc3 Nd4 17. Nxd4 Rxc3 18. Bb2 Rc4 19. Nf3 f6 20. Nd2 Rc7 21. Qh5+ Ng6 22. e5 f5 23. Nf3 Rc2 24. Bd4 0-0 25. Bxb6 Qxb6 26. Rad1 1-0

[Event "Eurasia Cup op"]
[Site "Ekaterinburg"]
[Date "2019.08.06"]
[Round "6"]
[White "Drygalov, Andrey"]
[Black "Bublei, Pavel"]
[Result "1-0"]
[WhiteElo "2494"]
[BlackElo "2353"]
[PlyCount "47"]
[EventDate "2019.07.31"]
[EventType "swiss"]
[EventRounds "9"]
[EventCountry "RUS"]
[SourceTitle "CBM 191 Extra"]
[Source "ChessBase"]
[SourceDate "2019.09.30"]
[SourceVersion "1"]
[SourceVersionDate "2019.09.30"]
[SourceQuality "1"]

1. e4 c6 2. d4 d5 3. e5 Bf5 4. Nf3 e6 5. Be2 Nd7 6. 0-0 Ne7 7. Nbd2 h6 8. Nb3 g5 9. Ne1 Qc7 10. Bh5 Bg7 11. f4 gxf4 12. Bxf4 Bg6 13. Nd3 b6 14. Bg3 Nf5 15. Bf2 Nf8 16. Nf4 0-0-0 17. Qg4 Rg8 18. Rac1 Kb8 19. c4 Qd7 20. cxd5 cxd5 21. Rc3 Bxh5 22. Nxh5 Ng6 23. Qf3 Nh8 24. Rfc1 1-0

[Event "RUS-chT blitz"]
[Site "Sochi"]
[Date "2017.10.05"]
[Round "7"]
[White "Bublei, Pavel"]
[Black "Palchun, Grigory"]
[Result "1/2-1/2"]
[WhiteElo "2387"]
[BlackElo "2441"]
[PlyCount "67"]
[EventDate "2017.10.05"]
[EventType "team-swiss (blitz)"]
[EventRounds "15"]
[EventCountry "RUS"]
[SourceTitle "CBM 181 Extra"]
[Source "ChessBase"]
[SourceDate "2017.12.12"]
[SourceVersion "1"]
[SourceVersionDate "2017.12.12"]
[SourceQuality "1"]
[WhiteTeam "Novosibirsk Technical Univ"]
[BlackTeam "St Petersburg SDYUSSHOR"]
[WhiteTeamCountry "RUS"]
[BlackTeamCountry "RUS"]

1. d4 Nf6 2. c4 e6 3. Nf3 Bb4+ 4. Bd2 Qe7 5. Nc3 Bxc3 6. Bxc3 Ne4 7. Rc1 Nxc3 8. Rxc3 d6 9. e3 e5 10. Be2 0-0 11. 0-0 e4 12. Nd2 f5 13. f4 Nd7 14. b4 Kh8 15. c5 Nf6 16. Nc4 Be6 17. Qc1 Bxc4 18. Bxc4 d5 19. Be2 Rg8 20. Rc2 g5 21. fxg5 Rxg5 22. Qe1 Rag8 23. Bd1 Qg7 24. Rff2 Nd7 25. g3 h5 26. Rf4 Nf8 27. Rcf2 Qg6 28. Kh1 Ne6 29. Rh4 Kg7 30. Qf1 Kf8 31. Qh3 Rh8 32. Qf1 Ke7 33. Qh3 Kd8 34. a4 1/2-1/2

[Event "RUS-chT blitz"]
[Site "Sochi"]
[Date "2017.10.05"]
[Round "11"]
[White "Bublei, Pavel"]
[Black "Shirov, Alexei"]
[Result "0-1"]
[WhiteElo "2387"]
[BlackElo "2630"]
[PlyCount "58"]
[EventDate "2017.10.05"]
[EventType "team-swiss (blitz)"]
[EventRounds "15"]
[EventCountry "RUS"]
[SourceTitle "CBM 181 Extra"]
[Source "ChessBase"]
[SourceDate "2017.12.12"]
[SourceVersion "1"]
[SourceVersionDate "2017.12.12"]
[SourceQuality "1"]
[WhiteTeam "Novosibirsk Technical Univ"]
[BlackTeam "Urals Sima Land"]
[WhiteTeamCountry "RUS"]
[BlackTeamCountry "RUS"]

1. d4 d5 2. c4 c6 3. Nc3 Nf6 4. e3 e6 5. Nf3 Nbd7 6. Qc2 Bd6 7. Bd3 0-0 8. 0-0 dxc4 9. Bxc4 b5 10. Be2 Bb7 11. Rd1 Qc7 12. a3 e5 13. h3 Rfe8 14. e4 a6 15. dxe5 Nxe5 16. Nd4 Rad8 17. Nf5 c5 18. Bg5 Be7 19. Nxe7+ Qxe7 20. f4 Ng6 21. e5 h6 22. Bxf6 gxf6 23. Rxd8 Rxd8 24. exf6 Qe3+ 25. Kh2 Qxf4+ 26. Kg1 Rd2 27. Qc1 Qe3+ 28. Kh2 Bxg2 29. Qg1 Qxh3# 0-1

[Event "RUS-chT blitz"]
[Site "Sochi"]
[Date "2017.10.05"]
[Round "13"]
[White "Gogolev, Artem"]
[Black "Bublei, Pavel"]
[Result "1-0"]
[WhiteElo "2427"]
[BlackElo "2387"]
[PlyCount "81"]
[EventDate "2017.10.05"]
[EventType "team-swiss (blitz)"]
[EventRounds "15"]
[EventCountry "RUS"]
[SourceTitle "CBM 181 Extra"]
[Source "ChessBase"]
[SourceDate "2017.12.12"]
[SourceVersion "1"]
[SourceVersionDate "2017.12.12"]
[SourceQuality "1"]
[WhiteTeam "Vologda Region"]
[BlackTeam "Novosibirsk Technical Univ"]
[WhiteTeamCountry "RUS"]
[BlackTeamCountry "RUS"]

1. Nf3 d5 2. c4 d4 3. e3 c5 4. exd4 cxd4 5. d3 Nf6 6. g3 e5 7. Bg2 Bd6 8. 0-0 0-0 9. a3 a5 10. Bg5 h6 11. Bxf6 Qxf6 12. Re1 Nc6 13. Nbd2 Qd8 14. Qc2 Bc7 15. c5 Be6 16. Nc4 Qf6 17. Nfd2 Bf5 18. Ne4 Qg6 19. Rad1 Rad8 20. Ncd6 Bxd6 21. Nxd6 Bc8 22. Qc4 Bg4 23. Nxb7 Rb8 24. Be4 Qg5 25. Bxc6 Bxd1 26. Rxd1 Rfc8 27. Bf3 Qf6 28. Be4 Rc7 29. c6 g6 30. b4 axb4 31. axb4 Kg7 32. b5 Rbxb7 33. cxb7 Rxc4 34. b8Q Rc2 35. Rf1 h5 36. Qb7 h4 37. Qd7 Qg5 38. b6 hxg3 39. hxg3 Rb2 40. b7 Kh6 41. Qe8 1-0

[Event "RUS-chT blitz"]
[Site "Sochi"]
[Date "2017.10.05"]
[Round "10"]
[White "Popov, Mikhail"]
[Black "Bublei, Pavel"]
[Result "0-1"]
[WhiteElo "2416"]
[BlackElo "2387"]
[PlyCount "60"]
[EventDate "2017.10.05"]
[EventType "team-swiss (blitz)"]
[EventRounds "15"]
[EventCountry "RUS"]
[SourceTitle "CBM 181 Extra"]
[Source "ChessBase"]
[SourceDate "2017.12.12"]
[SourceVersion "1"]
[SourceVersionDate "2017.12.12"]
[SourceQuality "1"]
[WhiteTeam "Moscow Gogol Mogol"]
[BlackTeam "Novosibirsk Technical Univ"]
[WhiteTeamCountry "RUS"]
[BlackTeamCountry "RUS"]

1. d4 d5 2. Bf4 Nf6 3. e3 c5 4. Nf3 Nc6 5. Nbd2 Qb6 6. dxc5 Qxc5 7. Nb3 Qb6 8. Bd3 e6 9. 0-0 Nh5 10. Bg5 h6 11. Bh4 g5 12. Nfd2 Nf6 13. Bg3 Bg7 14. e4 0-0 15. Kh1 e5 16. exd5 Nxd5 17. Re1 Nf4 18. Bxf4 exf4 19. Qf3 Nb4 20. Be4 Be6 21. c3 Nc6 22. Bc2 Rfd8 23. Re2 Bd5 24. Qh3 Ne5 25. Rae1 Be6 26. Bf5 Bxf5 27. Qxf5 Nd3 28. Re7 Nxf2+ 29. Kg1 Nh3+ 30. Kh1 Qg1+ 0-1

[Event "RUS-ch blitz"]
[Site "Sochi"]
[Date "2017.10.02"]
[Round "20"]
[White "Bublei, Pavel"]
[Black "Dzhumagaliev, Yan"]
[Result "0-1"]
[WhiteElo "2387"]
[BlackElo "2400"]
[PlyCount "94"]
[EventDate "2017.10.02"]
[EventType "swiss (blitz)"]
[EventRounds "20"]
[EventCountry "RUS"]
[SourceTitle "EXT 2018"]
[Source "ChessBase"]
[SourceDate "2017.10.13"]
[SourceVersion "1"]
[SourceVersionDate "2017.10.13"]
[SourceQuality "1"]

1. d4 Nf6 2. c4 e6 3. Nf3 Bb4+ 4. Bd2 Qe7 5. Nc3 b6 6. g3 Bb7 7. Bg2 0-0 8. 0-0 d6 9. Qc2 Nbd7 10. a3 Bxc3 11. Bxc3 Be4 12. Qa4 c6 13. Bh3 a6 14. Nd2 b5 15. Qd1 Bg6 16. Bg2 Rfc8 17. b3 d5 18. Re1 a5 19. e4 dxe4 20. Nxe4 Nxe4 21. Bxe4 Bxe4 22. Rxe4 Nf6 23. Re2 a4 24. bxa4 bxc4 25. Bb4 Qa7 26. Rc1 Qxa4 27. Qxa4 Rxa4 28. Rxc4 Nd5 29. Rec2 Ra6 30. Bc5 g5 31. h3 h5 32. Rb2 Rc7 33. Kg2 Kg7 34. Rc1 Rd7 35. Rb8 Nf6 36. f3 Nd5 37. Kf2 Nf6 38. g4 h4 39. Ke3 Nd5+ 40. Ke4 Ra4 41. Rc2 Nf4 42. Ke3 Nxh3 43. Bf8+ Kg6 44. Rxc6 Raxd4 45. Bc5 Rd3+ 46. Ke2 Nf4+ 47. Ke1 Rd1+ 0-1

[Event "RUS-ch blitz"]
[Site "Sochi"]
[Date "2017.10.02"]
[Round "17"]
[White "Bublei, Pavel"]
[Black "Moiseenko, Vadim"]
[Result "0-1"]
[WhiteElo "2387"]
[BlackElo "2558"]
[PlyCount "86"]
[EventDate "2017.10.02"]
[EventType "swiss (blitz)"]
[EventRounds "20"]
[EventCountry "RUS"]
[SourceTitle "EXT 2018"]
[Source "ChessBase"]
[SourceDate "2017.10.13"]
[SourceVersion "1"]
[SourceVersionDate "2017.10.13"]
[SourceQuality "1"]

1. d4 Nf6 2. c4 e6 3. Nf3 b6 4. a3 Bb7 5. Nc3 d5 6. Qc2 Be7 7. Bf4 dxc4 8. e4 0-0 9. Bxc4 a6 10. 0-0 b5 11. Bd3 h6 12. b4 Nc6 13. Be3 Ng4 14. Ne2 Nxe3 15. fxe3 Bg5 16. Nxg5 Qxg5 17. Nf4 e5 18. d5 Nd8 19. Ne2 c6 20. d6 Qxe3+ 21. Kh1 Ne6 22. Rf3 Qb6 23. Qd2 Rad8 24. Bc2 c5 25. bxc5 Nxc5 26. Ng3 Qxd6 27. Qf2 Qd4 28. Qe1 Bc8 29. Rd1 Qc4 30. Rc1 Bg4 31. Rf2 Nd3 32. Bxd3 Qxd3 33. Rfc2 Qxa3 34. h3 Be6 35. Rc3 Qb4 36. Nh5 Qe7 37. Rg3 g6 38. Qe3 Kh7 39. Rf1 gxh5 40. Rgf3 Rg8 41. Rf6 Rg6 42. Rxg6 fxg6 43. Qb6 b4 0-1

[Event "RUS-ch blitz"]
[Site "Sochi"]
[Date "2017.10.02"]
[Round "13"]
[White "Bublei, Pavel"]
[Black "Smagin, Sergey"]
[Result "1-0"]
[WhiteElo "2387"]
[BlackElo "2551"]
[PlyCount "142"]
[EventDate "2017.10.02"]
[EventType "swiss (blitz)"]
[EventRounds "20"]
[EventCountry "RUS"]
[SourceTitle "EXT 2018"]
[Source "ChessBase"]
[SourceDate "2017.10.13"]
[SourceVersion "1"]
[SourceVersionDate "2017.10.13"]
[SourceQuality "1"]

1. d4 d5 2. c4 e6 3. Nc3 Nf6 4. Bf4 Nbd7 5. e3 c6 6. Nf3 Nh5 7. Bg5 Be7 8. Bxe7 Qxe7 9. Qc2 Nhf6 10. Bd3 0-0 11. 0-0 dxc4 12. Bxc4 e5 13. Bb3 exd4 14. exd4 Nb6 15. Rfe1 Qd8 16. Rad1 Nbd5 17. Ne5 Be6 18. a3 Re8 19. h3 Nf4 20. Bxe6 Nxe6 21. Qb3 Qb6 22. Qxb6 axb6 23. d5 cxd5 24. Nxd5 Nxd5 25. Rxd5 Rad8 26. Rxd8 Rxd8 27. Rc1 f6 28. Nf3 Kf7 29. Kf1 Rd7 30. g3 g5 31. Ke2 h5 32. Rc8 g4 33. hxg4 hxg4 34. Nd2 Nd4+ 35. Ke3 Nf5+ 36. Ke2 Re7+ 37. Kd1 Nd4 38. Rc4 Rd7 39. Ke1 f5 40. Rc8 b5 41. Rc5 Kf6 42. Rc8 Re7+ 43. Kd1 Nc6 44. Nb3 Ne5 45. Kc2 Nf3 46. Kd3 Ne5+ 47. Kc2 Rd7 48. Nc5 Re7 49. Rb8 Nc4 50. Rxb7 Re2+ 51. Kc3 Rxf2 52. Rxb5 Ne5 53. Rb6+ Kf7 54. a4 Ng6 55. a5 f4 56. gxf4 g3 57. Ne4 Rf3+ 58. Kd4 g2 59. Ng5+ Ke7 60. Nxf3 Nxf4 61. Ng1 Kd7 62. Ke3 Nd5+ 63. Kf2 Nxb6 64. axb6 Kc6 65. Kxg2 Kxb6 66. Kf2 Kc5 67. Ke2 Kc4 68. Kd2 Kb3 69. Kc1 Kc4 70. Nf3 Kd3 71. Ne1+ Kc4 1-0

[Event "Nezhmetdinov Memorial 39th"]
[Site "Kazan"]
[Date "2017.06.08"]
[Round "9"]
[White "Bublei, Pavel"]
[Black "Zherebtsova, Alexandra"]
[Result "1-0"]
[WhiteElo "2399"]
[BlackElo "2222"]
[PlyCount "95"]
[EventDate "2017.05.31"]
[EventType "swiss"]
[EventRounds "9"]
[EventCountry "RUS"]
[SourceTitle "EXT 2018"]
[Source "ChessBase"]
[SourceDate "2017.10.13"]
[SourceVersion "1"]
[SourceVersionDate "2017.10.13"]
[SourceQuality "1"]

1. d4 d5 2. c4 c6 3. Nc3 Nf6 4. Nf3 e6 5. e3 Nbd7 6. Qc2 Bd6 7. Bd3 0-0 8. 0-0 dxc4 9. Bxc4 a6 10. e4 e5 11. Rd1 Qc7 12. h3 h6 13. a3 Re8 14. b4 exd4 15. Nxd4 Nb6 16. Ba2 Be5 17. Be3 Bd7 18. Rac1 Bf4 19. Qd2 Bxe3 20. Qxe3 Rad8 21. Nf3 Be6 22. Bxe6 Rxd1+ 23. Rxd1 Rxe6 24. Nd4 Re8 25. Nf5 Nc4 26. Qd4 Nxa3 27. Nxh6+ Kh7 28. Nf5 Re6 29. Qd2 Ne8 30. Ne2 g6 31. Ned4 Rxe4 32. Qd3 gxf5 33. Nxf5 Re5 34. Ne3+ Kg8 35. Qxa3 Qe7 36. Qc3 Nf6 37. Nc4 Re2 38. Qg3+ Kf8 39. Ne3 Nd5 40. Qb8+ Qe8 41. Qd6+ Kg8 42. Nxd5 Re1+ 43. Kh2 cxd5 44. Rxd5 Re6 45. Qg3+ Rg6 46. Qh4 Kg7 47. Qd4+ f6 48. Rd7+ 1-0

[Event "Nezhmetdinov Memorial 39th"]
[Site "Kazan"]
[Date "2017.06.07"]
[Round "8"]
[White "Skatchkov, Valery"]
[Black "Bublei, Pavel"]
[Result "0-1"]
[WhiteElo "2205"]
[BlackElo "2399"]
[PlyCount "80"]
[EventDate "2017.05.31"]
[EventType "swiss"]
[EventRounds "9"]
[EventCountry "RUS"]
[SourceTitle "EXT 2018"]
[Source "ChessBase"]
[SourceDate "2017.10.13"]
[SourceVersion "1"]
[SourceVersionDate "2017.10.13"]
[SourceQuality "1"]

1. d4 d5 2. c4 e6 3. Nf3 Nf6 4. Nc3 c5 5. cxd5 Nxd5 6. e4 Nxc3 7. bxc3 cxd4 8. cxd4 Bb4+ 9. Bd2 Bxd2+ 10. Qxd2 0-0 11. Be2 b6 12. 0-0 Bb7 13. Qe3 Nd7 14. Rfd1 Rc8 15. Nd2 Qc7 16. Nb3 Qd6 17. a4 Qb4 18. Rdb1 Rc3 19. Qd2 Bxe4 20. Rb2 Rfc8 21. Nc5 bxc5 22. Rxb4 cxb4 23. Ba6 R8c7 24. Re1 Nf6 25. f3 Bg6 26. d5 exd5 27. Qxd5 h5 28. Qd8+ Kh7 29. Qb8 b3 30. Re2 Nd5 31. Re8 Bf5 32. g4 hxg4 33. fxg4 Bxg4 34. Qd8 Rc1+ 35. Kf2 R7c2+ 36. Be2 Bxe2 37. Rxe2 Rxe2+ 38. Kxe2 Nf4+ 39. Kf3 b2 40. Kxf4 Rc4+ 0-1

[Event "RUS-chT2"]
[Site "Sochi"]
[Date "2017.05.10"]
[Round "9.5"]
[White "Tekeyev, Zaur"]
[Black "Bublei, Pavel"]
[Result "0-1"]
[WhiteElo "2383"]
[BlackElo "2399"]
[PlyCount "96"]
[EventDate "2017.05.01"]
[EventType "team-swiss"]
[EventRounds "9"]
[EventCountry "RUS"]
[SourceTitle "CBM 178 Extra"]
[Source "ChessBase"]
[SourceDate "2017.06.22"]
[SourceVersion "1"]
[SourceVersionDate "2017.06.22"]
[SourceQuality "1"]
[WhiteTeam "Stavropol Region"]
[BlackTeam "Novosibirsk NSTU"]
[WhiteTeamCountry "RUS"]
[BlackTeamCountry "ZAR"]

1. e4 c6 2. d4 d5 3. Nd2 dxe4 4. Nxe4 Nd7 5. Ng5 h6 6. Ne6 Qb6 7. Nxf8 Nxf8 8. Nf3 Nf6 9. c3 Bf5 10. Ne5 N8d7 11. Qf3 Bh7 12. Nc4 Qd8 13. Qg3 Bg6 14. Be2 0-0 15. 0-0 Ne4 16. Qh3 Nd6 17. Ne5 Bf5 18. Qf3 Rc8 19. Re1 c5 20. Be3 Be4 21. Qh3 Nxe5 22. dxe5 Nf5 23. Rad1 Qb6 24. Bc1 e6 25. Qg4 Bc2 26. Rd2 Bb1 27. Qc4 Rfd8 28. Red1 Rxd2 29. Rxd2 Qc7 30. f4 a6 31. a4 Ne3 32. Qb3 Be4 33. g3 Bc2 34. Qa3 Qc6 35. Bf1 Bxa4 36. c4 Nxf1 37. Rd6 Qe4 38. Qxa4 Nxg3 39. hxg3 Qe1+ 40. Kg2 Qxc1 41. Qb3 b5 42. cxb5 c4 43. Qb4 axb5 44. Qxb5 c3 45. bxc3 Rxc3 46. Qe8+ Kh7 47. Qxf7 Qd2+ 48. Kh3 Qf2 0-1

[Event "RUS-chT2"]
[Site "Sochi"]
[Date "2017.05.05"]
[Round "5.5"]
[White "Bublei, Pavel"]
[Black "Pakhomov, Alexey"]
[Result "0-1"]
[WhiteElo "2399"]
[BlackElo "2343"]
[PlyCount "78"]
[EventDate "2017.05.01"]
[EventType "team-swiss"]
[EventRounds "9"]
[EventCountry "RUS"]
[SourceTitle "CBM 178 Extra"]
[Source "ChessBase"]
[SourceDate "2017.06.22"]
[SourceVersion "1"]
[SourceVersionDate "2017.06.22"]
[SourceQuality "1"]
[WhiteTeam "Novosibirsk NSTU"]
[BlackTeam "Smolensk Region VOS"]
[WhiteTeamCountry "ZAR"]
[BlackTeamCountry "RUS"]

1. d4 Nf6 2. c4 e6 3. Nc3 Bb4 4. Bf4 0-0 5. e3 b6 6. Nf3 Bb7 7. Bd3 Ne4 8. 0-0 Bxc3 9. bxc3 f5 10. Nd2 Nxd2 11. Qxd2 d6 12. f3 g5 13. Bg3 Nd7 14. Rab1 Qe7 15. c5 Rac8 16. cxd6 cxd6 17. e4 f4 18. Bf2 Kh8 19. a4 h5 20. a5 g4 21. axb6 axb6 22. Kh1 Qg5 23. Qe1 g3 24. Bg1 gxh2 25. Bxh2 Rg8 26. Rf2 e5 27. Bf1 h4 28. Ra2 Ra8 29. Qd2 h3 30. Rxa8 Bxa8 31. gxh3 d5 32. Bd3 Qh5 33. Rf1 Qxh3 34. Rf2 dxe4 35. Bxe4 Bxe4 36. fxe4 Nf6 37. Qe2 Nh5 38. Qc2 Ng3+ 39. Kg1 Ne2+ 0-1